000 00557nam a2200169Ia 4500
008 240729s9999 xx 000 0 und d
022 _a2395-0897
245 4 _aThe Achievers Journal: Journal of English Language, Literature and Culture
260 _aIndia
260 _bThe Achievers Foundation for English Studies
650 _a English language | Language and Literature
650 _a English literature
650 _aLanguage and Literature
856 _uhttps://doaj.org/toc/47f6200d2af545adbb692e3fe970f284
942 _2ddc
942 _cDOAJEJ
999 _c69441
_d69441
945 _a1
_bMadushi Gamage
_c1
_dMadushi Gamage